[Event "Moravia-Silesia Region-chT 2223"]
[Site "Czech Republic"]
[Date "2023.02.12"]
[Round "8"]
[White "Zimniok, Zdenek"]
[Black "Bulawa, Marek"]
[Result "1/2-1/2"]
[WhiteElo "1708"]
[BlackElo "1859"]
[PlyCount "23"]
[EventDate "2022.10.09"]
[EventType "team-tourn"]
[EventRounds "11"]
[EventCountry "CZE"]
[SourceTitle "EXT 2024"]
[Source "ChessBase"]
[SourceDate "2023.10.10"]
[SourceVersion "1"]
[SourceVersionDate "2023.10.10"]
[SourceQuality "1"]
[WhiteTeam "Karvina"]
[BlackTeam "Havirov Banik"]
[WhiteTeamCountry "CZE"]
[BlackTeamCountry "CZE"]

1. e4 c5 2. c3 d6 3. d4 cxd4 4. cxd4 Nf6 5. Nc3 a6 6. Nf3 Bg4 7. h3 Bh5 8. Be2 e6 9. 0-0 Be7 10. Bg5 h6 11. Be3 0-0 12. e5 1/2-1/2

[Event "CZE-chT2F 2122"]
[Site "Czech Republic"]
[Date "2022.04.03"]
[Round "11.8"]
[White "Bulawa, Marek"]
[Black "Mitura, Vaclav"]
[Result "1/2-1/2"]
[WhiteElo "1901"]
[BlackElo "2082"]
[PlyCount "34"]
[EventDate "2021.10.17"]
[EventType "team-tourn"]
[EventRounds "11"]
[EventCountry "CZE"]
[SourceTitle "EXT 2024"]
[Source "ChessBase"]
[SourceDate "2023.10.10"]
[SourceVersion "1"]
[SourceVersionDate "2023.10.10"]
[SourceQuality "1"]
[WhiteTeam "Havirov Banik"]
[BlackTeam "Karvina"]
[WhiteTeamCountry "CZE"]
[BlackTeamCountry "CZE"]

1. c4 c6 2. Nc3 d5 3. d4 Nf6 4. Nf3 dxc4 5. e4 b5 6. a4 b4 7. e5 bxc3 8. exf6 c2 9. Qxc2 exf6 10. Bxc4 Bb4+ 11. Bd2 Qe7+ 12. Be2 0-0 13. Bxb4 Qxb4+ 14. Qc3 Qe7 15. Qe3 Qb4+ 16. Qc3 Qe7 17. Qe3 Qb4+ 1/2-1/2

[Event "CZE-chT2F 2122"]
[Site "Czech Republic"]
[Date "2022.01.30"]
[Round "7.7"]
[White "Bulawa, Marek"]
[Black "Fialka, Adam"]
[Result "1/2-1/2"]
[WhiteElo "1901"]
[BlackElo "1804"]
[PlyCount "40"]
[EventDate "2021.10.17"]
[EventType "team-tourn"]
[EventRounds "11"]
[EventCountry "CZE"]
[SourceTitle "EXT 2024"]
[Source "ChessBase"]
[SourceDate "2023.10.10"]
[SourceVersion "1"]
[SourceVersionDate "2023.10.10"]
[SourceQuality "1"]
[WhiteTeam "Havirov Banik"]
[BlackTeam "Orlova Slavia II"]
[WhiteTeamCountry "CZE"]
[BlackTeamCountry "CZE"]

1. c4 e5 2. Nc3 f5 3. d3 Nf6 4. Nf3 Nc6 5. g3 Bb4 6. Bd2 0-0 7. Bg2 d6 8. 0-0 a5 9. a3 Bc5 10. e3 Bd7 11. Na4 Ba7 12. b4 Qe8 13. b5 e4 14. bxc6 Bxc6 15. Nb2 exf3 16. Bxf3 Bb6 17. Bxc6 Qxc6 18. Qa4 Qf3 19. Qd1 Qc6 20. Qa4 Qf3 1/2-1/2

[Event "CZE-chT2F 2122"]
[Site "Czech Republic"]
[Date "2022.01.16"]
[Round "6.8"]
[White "Bulawa, Marek"]
[Black "Maroszczyk, Wieslaw"]
[Result "1/2-1/2"]
[WhiteElo "1901"]
[BlackElo "1805"]
[PlyCount "39"]
[EventDate "2021.10.17"]
[EventType "team-tourn"]
[EventRounds "11"]
[EventCountry "CZE"]
[SourceTitle "EXT 2024"]
[Source "ChessBase"]
[SourceDate "2023.10.10"]
[SourceVersion "1"]
[SourceVersionDate "2023.10.10"]
[SourceQuality "1"]
[WhiteTeam "Havirov Banik"]
[BlackTeam "Trinec II"]
[WhiteTeamCountry "CZE"]
[BlackTeamCountry "CZE"]

1. c4 Nf6 2. Nc3 d5 3. d4 e6 4. Nf3 Be7 5. cxd5 exd5 6. e3 0-0 7. h3 c6 8. Bd3 Re8 9. 0-0 Nbd7 10. a3 Nf8 11. Qc2 Bd6 12. b4 a6 13. Bb2 Qe7 14. Nd2 Bd7 15. e4 dxe4 16. Ncxe4 Nxe4 17. Bxe4 Bf4 18. Rfe1 Qg5 19. Nf3 Qh5 20. Qc5 1/2-1/2

[Event "CZE-chT2F 1920"]
[Site "Czech Republic"]
[Date "2020.06.27"]
[Round "10.8"]
[White "Bulawa, Marek"]
[Black "Sebesta, Jan"]
[Result "1-0"]
[WhiteElo "1883"]
[BlackElo "1848"]
[PlyCount "121"]
[EventDate "2019.10.13"]
[EventType "team-tourn"]
[EventRounds "11"]
[EventCountry "CZE"]
[SourceTitle "EXT 2024"]
[Source "ChessBase"]
[SourceDate "2023.10.10"]
[SourceVersion "1"]
[SourceVersionDate "2023.10.10"]
[SourceQuality "1"]
[WhiteTeam "Havirov Banik"]
[BlackTeam "Orlova Slavia II"]
[WhiteTeamCountry "CZE"]
[BlackTeamCountry "CZE"]

1. c4 Nf6 2. Nc3 d5 3. d4 g6 4. Nf3 Bg7 5. cxd5 Nxd5 6. e4 Nxc3 7. bxc3 c5 8. Bb5+ Nc6 9. 0-0 0-0 10. Be3 Bg4 11. Bxc6 bxc6 12. Rc1 Qa5 13. Qc2 Bxf3 14. gxf3 c4 15. Rb1 Rab8 16. Kg2 Qa3 17. Rb4 Rxb4 18. cxb4 Rb8 19. Qxc4 Qxb4 20. Rc1 e6 21. Qxb4 Rxb4 22. d5 exd5 23. exd5 c5 24. Bxc5 Ra4 25. d6 Bf6 26. a3 Kg7 27. Rb1 Ra5 28. Rc1 h5 29. d7 Rb5 30. Bxa7 Rb7 31. Bc5 Rxd7 32. a4 Be7 33. Bb6 Bd8 34. a5 Bxb6 35. axb6 Rb7 36. Rc6 Kh6 37. Kg3 Kg5 38. f4+ Kf5 39. Rc5+ Kf6 40. Rb5 Ke6 41. Kh4 Kf6 42. h3 Kg7 43. f5 Kf6 44. fxg6 fxg6 45. f3 Kf7 46. Kg5 Kg7 47. f4 Kf7 48. f5 gxf5 49. Kxf5 Ke7 50. Kg5 Kd7 51. Kxh5 Kc8 52. Kg6 Rd7 53. b7+ Kb8 54. h4 Rd1 55. Rb6 Rg1+ 56. Kh6 Rg8 57. Kh7 Rg4 58. h5 Rd4 59. h6 Rd7+ 60. Kg6 Rd1 61. h7 1-0

[Event "CZE-chT2F 1819"]
[Site "Czech Republic"]
[Date "2018.12.02"]
[Round "4.8"]
[White "Maj, Svatopluk"]
[Black "Bulawa, Marek"]
[Result "1/2-1/2"]
[WhiteElo "1890"]
[BlackElo "1956"]
[PlyCount "33"]
[EventDate "2018.10.14"]
[EventType "team-tourn"]
[EventRounds "11"]
[EventCountry "CZE"]
[SourceTitle "EXT 2022"]
[Source "ChessBase"]
[SourceDate "2021.10.06"]
[SourceVersion "1"]
[SourceVersionDate "2021.10.06"]
[SourceQuality "1"]
[WhiteTeam "Vrbno pod Pradedem"]
[BlackTeam "Havirov Banik"]
[WhiteTeamCountry "CZE"]
[BlackTeamCountry "CZE"]

1. c4 c5 2. Nf3 Nc6 3. d4 cxd4 4. Nxd4 Nf6 5. Nc3 g6 6. e4 d6 7. Be2 Bg7 8. Be3 0-0 9. f3 Bd7 10. 0-0 a6 11. Qd2 Rc8 12. Rac1 Nxd4 13. Bxd4 Bc6 14. Rfd1 Nd7 15. b3 Bxd4+ 16. Qxd4 Qb6 17. Qxb6 1/2-1/2

[Event "CZE-chT2F 1819"]
[Site "Czech Republic"]
[Date "2018.11.18"]
[Round "3.7"]
[White "Horvath, Tomas"]
[Black "Bulawa, Marek"]
[Result "1-0"]
[WhiteElo "1979"]
[BlackElo "1966"]
[PlyCount "59"]
[EventDate "2018.10.14"]
[EventType "team-tourn"]
[EventRounds "11"]
[EventCountry "CZE"]
[SourceTitle "EXT 2022"]
[Source "ChessBase"]
[SourceDate "2021.10.06"]
[SourceVersion "1"]
[SourceVersionDate "2021.10.06"]
[SourceQuality "1"]
[WhiteTeam "Orlova Slavia II"]
[BlackTeam "Havirov Banik"]
[WhiteTeamCountry "CZE"]
[BlackTeamCountry "CZE"]

1. e4 c5 2. d4 cxd4 3. c3 dxc3 4. Nxc3 Nc6 5. Nf3 d6 6. Bc4 e6 7. 0-0 Nf6 8. Qe2 a6 9. Rd1 Qc7 10. Bf4 Nh5 11. Be3 b5 12. Bb3 Bd7 13. Rac1 Qb7 14. Nd4 Nf6 15. Nxc6 Bxc6 16. Nd5 Nxe4 17. Nb4 Nc5 18. Nxc6 Qxc6 19. Bd5 exd5 20. Bxc5+ Be7 21. Re1 0-0 22. Bd4 Qd7 23. Qxe7 Qg4 24. Rcd1 Rfd8 25. h3 Qf5 26. Re3 h6 27. Rg3 g6 28. Qf6 Qxf6 29. Bxf6 Re8 30. Rxd5 1-0

[Event "CZE-chT2F 1718"]
[Site "Czech Republic"]
[Date "2018.01.28"]
[Round "7.8"]
[White "Bulawa, Marek"]
[Black "Valickova, Martina"]
[Result "1/2-1/2"]
[WhiteElo "1950"]
[BlackElo "1940"]
[PlyCount "37"]
[EventDate "2017.10.15"]
[EventType "team-tourn"]
[EventRounds "11"]
[EventCountry "CZE"]
[SourceTitle "EXT 2022"]
[Source "ChessBase"]
[SourceDate "2021.10.06"]
[SourceVersion "1"]
[SourceVersionDate "2021.10.06"]
[SourceQuality "1"]
[WhiteTeam "Havirov Banik"]
[BlackTeam "Trinec II"]
[WhiteTeamCountry "CZE"]
[BlackTeamCountry "CZE"]

1. c4 e5 2. Nc3 Nf6 3. g3 d5 4. cxd5 Nxd5 5. Bg2 Nb6 6. Nf3 Nc6 7. 0-0 Be7 8. a3 Be6 9. d3 f6 10. b4 0-0 11. Bb2 Qe8 12. Na4 Nxa4 13. Qxa4 Qf7 14. Nd2 Bd5 15. Bxd5 Qxd5 16. Qb3 Rfd8 17. Rac1 Qxb3 18. Nxb3 Rd7 19. Rc4 1/2-1/2

[Event "CZE-chT2F 1314"]
[Site "Czech Republic"]
[Date "2013.12.01"]
[Round "3.18"]
[White "Bulawa, Marek"]
[Black "Luczyk, Petr"]
[Result "1/2-1/2"]
[WhiteElo "2023"]
[BlackElo "1931"]
[PlyCount "51"]
[EventDate "2013.11.03"]
[EventType "team-tourn"]
[EventRounds "11"]
[EventCountry "CZE"]
[SourceTitle "EXT 2016"]
[Source "ChessBase"]
[SourceDate "2015.10.08"]
[SourceVersion "1"]
[SourceVersionDate "2015.10.08"]
[SourceQuality "1"]
[WhiteTeam "Havirov Banik"]
[BlackTeam "Orlova Slavia II"]
[WhiteTeamCountry "CZE"]
[BlackTeamCountry "CZE"]

1. c4 e5 2. Nc3 Nc6 3. g3 f5 4. Bg2 Nf6 5. a3 g6 6. b4 d6 7. Bb2 Bg7 8. d3 0-0 9. Nf3 Qe7 10. Nd2 Bd7 11. b5 Nd8 12. 0-0 c6 13. a4 Ne6 14. Ba3 Rab8 15. Nb3 f4 16. Ne4 Nxe4 17. dxe4 c5 18. Qd5 Rf7 19. Qd3 h5 20. Rad1 Bf8 21. Bc1 g5 22. f3 fxg3 23. hxg3 h4 24. g4 Nf4 25. Bxf4 gxf4 26. Bh3 1/2-1/2

[Event "CZE-chT2F 1112"]
[Site "Czech Republic"]
[Date "2012.03.25"]
[Round "10.15"]
[White "Bulawa, Marek"]
[Black "Langner, Jakub"]
[Result "0-1"]
[WhiteElo "2033"]
[BlackElo "1984"]
[PlyCount "46"]
[EventDate "2011.10.09"]
[EventType "team-tourn"]
[EventRounds "11"]
[EventCountry "CZE"]
[SourceTitle "EXT 2013"]
[Source "ChessBase"]
[SourceDate "2012.11.22"]
[SourceVersion "1"]
[SourceVersionDate "2012.11.22"]
[SourceQuality "1"]
[WhiteTeam "Havirov II"]
[BlackTeam "Havirov Slovan"]
[WhiteTeamCountry "CZE"]
[BlackTeamCountry "CZE"]

1. c4 Nf6 2. Nc3 g6 3. g3 Bg7 4. Bg2 0-0 5. d4 d6 6. Nf3 Nbd7 7. 0-0 c6 8. e4 e5 9. d5 cxd5 10. cxd5 Nc5 11. Re1 a5 12. Qc2 Bd7 13. Bg5 b5 14. Nd2 Qb6 15. Bxf6 Bxf6 16. Bf1 Rfc8 17. b3 Na6 18. Qb2 Qd4 19. Rac1 Bg5 20. Red1 Bg4 21. Bxb5 Bxd1 22. Nxd1 Rxc1 23. Qxc1 Qxd2 0-1

[Event "CZE-chT2F 1112"]
[Site "Czech Republic"]
[Date "2012.02.19"]
[Round "8.14"]
[White "Papan, Cyril"]
[Black "Bulawa, Marek"]
[Result "1-0"]
[WhiteElo "2086"]
[BlackElo "2033"]
[PlyCount "51"]
[EventDate "2011.10.09"]
[EventType "team-tourn"]
[EventRounds "11"]
[EventCountry "CZE"]
[SourceTitle "EXT 2013"]
[Source "ChessBase"]
[SourceDate "2012.11.22"]
[SourceVersion "1"]
[SourceVersionDate "2012.11.22"]
[SourceQuality "1"]
[WhiteTeam "Koprivnice Tatra"]
[BlackTeam "Havirov II"]
[WhiteTeamCountry "CZE"]
[BlackTeamCountry "CZE"]

1. d4 d5 2. c4 c6 3. Nf3 Nf6 4. Nc3 e6 5. Qc2 Nbd7 6. Bg5 Qa5 7. Bd2 dxc4 8. e4 Bb4 9. Bxc4 b5 10. Bd3 Bb7 11. 0-0 h6 12. a3 Bxc3 13. Bxc3 Qc7 14. a4 bxa4 15. Bb4 a5 16. Ba3 Nb6 17. Rac1 Rc8 18. Qc5 Kd8 19. Ne5 Ra8 20. Rfe1 Re8 21. Bb5 Rc8 22. Bxc6 Bxc6 23. Nxc6+ Kd7 24. Ne5+ Kd8 25. Nxf7+ Kd7 26. Qb5+ 1-0

[Event "CZE-chT2F 1112"]
[Site "Czech Republic"]
[Date "2011.11.20"]
[Round "3.14"]
[White "Bulawa, Marek"]
[Black "Soban, Jaroslav"]
[Result "1/2-1/2"]
[WhiteElo "2033"]
[BlackElo "2122"]
[PlyCount "106"]
[EventDate "2011.10.09"]
[EventType "team-tourn"]
[EventRounds "11"]
[EventCountry "CZE"]
[SourceTitle "EXT 2013"]
[Source "ChessBase"]
[SourceDate "2012.11.22"]
[SourceVersion "1"]
[SourceVersionDate "2012.11.22"]
[SourceQuality "1"]
[WhiteTeam "Havirov II"]
[BlackTeam "Olomouc"]
[WhiteTeamCountry "CZE"]
[BlackTeamCountry "CZE"]

1. c4 f5 2. d4 Nf6 3. Nc3 g6 4. Nf3 Bg7 5. g3 0-0 6. Bg2 d6 7. d5 Na6 8. 0-0 Nc5 9. Qc2 e5 10. dxe6 c6 11. b3 Bxe6 12. Bb2 Qe7 13. Rad1 Rad8 14. e3 Nce4 15. Nd2 Nxc3 16. Bxc3 d5 17. Bd4 c5 18. Bxf6 Bxf6 19. cxd5 Bxd5 20. Bxd5+ Rxd5 21. Qc4 Qf7 22. Ne4 Rxd1 23. Nxf6+ Kg7 24. Nh5+ gxh5 25. Qxf7+ Kxf7 26. Rxd1 Ke6 27. Kg2 h4 28. Kf3 hxg3 29. hxg3 b5 30. Kf4 Rg8 31. f3 c4 32. bxc4 bxc4 33. Rc1 Rc8 34. e4 Rc5 35. exf5+ Rxf5+ 36. Ke4 Ra5 37. Rc2 Ra3 38. Rxc4 Rxa2 39. Rc6+ Kf7 40. g4 Ra4+ 41. Kf5 Ra5+ 42. Kf4 Kg7 43. g5 Ra4+ 44. Kf5 Ra5+ 45. Kg4 Ra4+ 46. f4 Kf7 47. Rc7+ Kg8 48. Rd7 Ra5 49. f5 Ra1 50. f6 Rg1+ 51. Kf5 Rf1+ 52. Ke6 Re1+ 53. Kf5 Rf1+ 1/2-1/2

[Event "CZE-chT2F 0910"]
[Site "Czech Republic"]
[Date "2010.02.14"]
[Round "7.8"]
[White "Bulawa, Marek"]
[Black "Vaclavik, Ales"]
[Result "0-1"]
[WhiteElo "2057"]
[BlackElo "1935"]
[PlyCount "58"]
[EventDate "2009.10.18"]
[EventType "team-tourn"]
[EventRounds "11"]
[EventCountry "CZE"]
[SourceTitle "EXT 2012"]
[Source "ChessBase"]
[SourceDate "2011.11.24"]
[SourceVersion "1"]
[SourceVersionDate "2011.11.24"]
[SourceQuality "1"]
[WhiteTeam "Havirov"]
[BlackTeam "Morkov"]
[WhiteTeamCountry "CZE"]
[BlackTeamCountry "CZE"]

1. c4 e5 2. Nc3 Nf6 3. g3 c6 4. Bg2 d5 5. cxd5 cxd5 6. d3 Nc6 7. a3 Bc5 8. e3 0-0 9. Nge2 Bb6 10. 0-0 Re8 11. h3 d4 12. exd4 Nxd4 13. Nxd4 Bxd4 14. Be3 Bf5 15. Bxd4 Qxd4 16. Bxb7 Rab8 17. Qf3 Bxh3 18. Rfe1 Bg4 19. Qg2 Qxd3 20. Bc6 Re6 21. Bb5 Rxb5 22. Nxb5 Qxb5 23. Qa8+ Re8 24. Qxa7 e4 25. Rac1 Qh5 26. Rc3 Qh3 27. Qa4 Bd7 28. Qd4 Ng4 29. Rc5 e3 0-1

[Event "CZE-chT2f 0607"]
[Site "Czech Republic"]
[Date "2007.04.15"]
[Round "11.8"]
[White "Lamper, Vlastimil"]
[Black "Bulawa, Marek"]
[Result "1/2-1/2"]
[WhiteElo "1874"]
[BlackElo "2042"]
[PlyCount "112"]
[EventDate "2006.10.14"]
[EventType "team"]
[EventRounds "11"]
[EventCountry "CZE"]
[SourceTitle "EXT 2009"]
[Source "ChessBase"]
[SourceDate "2008.11.26"]
[SourceVersion "1"]
[SourceVersionDate "2008.11.26"]
[SourceQuality "1"]

1. d4 d5 2. Nf3 Nf6 3. g3 e6 4. Bg2 c5 5. 0-0 Nc6 6. c4 cxd4 7. Nxd4 Qb6 8. Nxc6 bxc6 9. Nc3 Ba6 10. Be3 Qa5 11. cxd5 cxd5 12. a3 Bc4 13. Bd4 Be7 14. b3 Bb5 15. b4 Qa6 16. Nxb5 Qxb5 17. Rc1 a5 18. Bc5 Nd7 19. a4 Qb7 20. Bxe7 Kxe7 21. b5 Rhc8 22. Qd4 Rxc1 23. Rxc1 Rc8 24. Rxc8 Qxc8 25. Qa7 Qd8 26. e4 Qb6 27. Qa8 d4 28. e5 Nxe5 29. Qa6 Nd7 30. Bc6 Qxa6 31. bxa6 Nb6 32. a7 Kd6 33. a8Q Nxa8 34. Bxa8 Kc5 35. Kf1 e5 36. Ke2 f5 37. f3 Kc4 38. Bc6 Kc3 39. Bb5 e4 40. fxe4 fxe4 41. Ba6 h6 42. g4 Kc2 43. h4 g5 44. hxg5 hxg5 45. Bb5 d3+ 46. Ke3 d2 47. Be2 d1Q 48. Bxd1+ Kxd1 49. Kxe4 Kc2 50. Kf5 Kb3 51. Kxg5 Kxa4 52. Kf5 Kb4 53. g5 a4 54. g6 a3 55. g7 a2 56. g8Q a1Q 1/2-1/2

[Event "CZE-chT2f 0607"]
[Site "Czech Republic"]
[Date "2006.12.03"]
[Round "4.8"]
[White "Antoshik, Alois"]
[Black "Bulawa, Marek"]
[Result "0-1"]
[WhiteElo "2279"]
[BlackElo "2042"]
[PlyCount "96"]
[EventDate "2006.10.14"]
[EventType "team"]
[EventRounds "11"]
[EventCountry "CZE"]
[SourceTitle "EXT 2009"]
[Source "ChessBase"]
[SourceDate "2008.11.26"]
[SourceVersion "1"]
[SourceVersionDate "2008.11.26"]
[SourceQuality "1"]

1. e4 c5 2. Nf3 d6 3. Bb5+ Bd7 4. Bxd7+ Nxd7 5. b3 Ngf6 6. d3 g6 7. Bb2 Bg7 8. Nbd2 0-0 9. a4 a6 10. a5 b5 11. axb6 Nxb6 12. Ra2 Qc8 13. Qa1 Nh5 14. Bxg7 Nxg7 15. 0-0 Rd8 16. Nc4 Nxc4 17. dxc4 Ne6 18. Qc1 Kg7 19. Qe3 f6 20. g3 Rd7 21. Rd1 Qb7 22. Qd3 Rad8 23. Qd5 Qxd5 24. cxd5 Nc7 25. Nd2 Ra8 26. Nc4 Ra7 27. Rda1 Rd8 28. Na5 Rd7 29. Nc6 Ra8 30. c4 f5 31. e5 dxe5 32. Nxe5 Rd6 33. Ra5 Rb6 34. Rxc5 Ne8 35. Ra3 Rab8 36. Nc6 R8b7 37. b4 Nd6 38. Re3 Kf8 39. f3 Rc7 40. Rb3 Nb7 41. Nd4 Nxc5 42. bxc5 Rxb3 43. Nxb3 a5 44. c6 a4 45. Nd4 a3 46. Kf2 a2 47. Nb3 Ra7 48. c5 Ke8 0-1

[Event "CZE-chT2f 0607"]
[Site "Czech Republic"]
[Date "2006.10.15"]
[Round "1.6"]
[White "Bulawa, Marek"]
[Black "Kociscak, Jiri"]
[Result "1-0"]
[WhiteElo "2042"]
[BlackElo "2116"]
[PlyCount "71"]
[EventDate "2006.10.14"]
[EventType "team"]
[EventRounds "11"]
[EventCountry "CZE"]
[SourceTitle "EXT 2009"]
[Source "ChessBase"]
[SourceDate "2008.11.26"]
[SourceVersion "1"]
[SourceVersionDate "2008.11.26"]
[SourceQuality "1"]

1. c4 Nf6 2. Nc3 c5 3. g3 Nc6 4. Bg2 g6 5. Nf3 Bg7 6. d4 cxd4 7. Nxd4 Nxd4 8. Qxd4 0-0 9. 0-0 d6 10. Qh4 Rb8 11. Bg5 Re8 12. Rfd1 Ng4 13. h3 Ne5 14. c5 f6 15. Be3 b6 16. cxd6 exd6 17. Nb5 Bf8 18. Nxa7 Bd7 19. Rac1 b5 20. Bd5+ Kh8 21. Nc6 Bxc6 22. Bxc6 Nxc6 23. Rxc6 Rxe3 24. fxe3 Qe7 25. Qd4 Qe6 26. Kg2 Re8 27. Rc7 d5 28. Rd3 Rd8 29. Rb7 Be7 30. Rxb5 Qc6 31. Rxd5 Ra8 32. a3 Ra4 33. b4 Qc2 34. Rd2 Qc6 35. Qe4 Bf8 36. R5d4 1-0

[Event "MOR-chT2N 0203"]
[Site "Moravia"]
[Date "2003.03.30"]
[Round "11"]
[White "Potomak, Vladimir"]
[Black "Bulawa, Marek"]
[Result "1-0"]
[WhiteElo "2142"]
[BlackElo "2050"]
[PlyCount "81"]
[EventDate "2002.10.??"]
[EventType "team"]
[EventRounds "11"]
[EventCountry "CZE"]
[SourceTitle "EXT 2006"]
[Source "ChessBase"]
[SourceDate "2005.11.24"]
[SourceVersion "1"]
[SourceVersionDate "2005.11.24"]
[SourceQuality "1"]

1. c4 c5 2. Nc3 Nc6 3. Nf3 Nf6 4. g3 g6 5. Bg2 Bg7 6. 0-0 0-0 7. d4 cxd4 8. Nxd4 Qb6 9. Nb3 d6 10. Nd5 Nxd5 11. cxd5 Ne5 12. Be3 Qb5 13. Bd4 Nd7 14. Qd2 Bxd4 15. Nxd4 Qb6 16. Rac1 Nf6 17. b4 Bd7 18. Rc4 Rac8 19. Rfc1 Rxc4 20. Rxc4 Rc8 21. Rxc8+ Bxc8 22. Qc3 Bd7 23. h3 h6 24. a3 Kh7 25. Kh2 Ba4 26. f4 Ne8 27. e4 Nc7 28. e5 Nb5 29. Nxb5 Bxb5 30. Qf3 Qd4 31. exd6 exd6 32. f5 Qf6 33. fxg6+ Kxg6 34. Qe3 b6 35. h4 Qe5 36. Be4+ f5 37. h5+ Kg7 38. Qc1 Qxe4 39. Qc7+ Kf6 40. Qxd6+ Kg5 41. Qg6# 1-0